La directiva de la Unin̤ Europea de evaluacin̤ de impacto ambiental de proyectos balance de treinta aǫs /

Detalles Bibliográficos
Autor principal: Garca̕ Ureta, Agustn̕
Formato: eBook
Lenguaje:español
Publicado: Madrid: Marcial Pons, 2016
Materias:
Acceso en línea:Acceso restringido

MARC

LEADER 00000nam a22000007a 4500
005 2018031204424.0
007 cr|||| ||||
008 180312s2016 es |||||s|||| 00||0 spa d
020 |a 978-84-9123-336-7 
035 |a 21034 
040 |a vLex 
090 |c 7453  |d 7453 
100 1 |a Garca̕ Ureta, Agustn̕ 
245 1 2 |a La directiva de la Unin̤ Europea de evaluacin̤ de impacto ambiental de proyectos  |h [Recurso electrn̤ico] :  |b balance de treinta aǫs /  |c Agustn̕ Garca̕ Ureta 
256 |a Servicio en ln̕ea 
260 |a Madrid:  |b Marcial Pons,  |c 2016 
300 |a 1 recurso electrn̤ico 
500 |a El presente libro recoge las ponencias presentadas a una jornada celebrada en Bilbao el 15 de octubre de 2015 sobre los treinta aǫs de la Directiva de la Unin̤ Europea de evaluacin̤ de impacto ambiental de proyectos de construccin̤. La Directiva constituye uno de los principales pilares de la polt̕ica ambiental de la UE, lo que justifica analizar la incidencia que ha tenido en los Estados miembros durante estos primeros treinta aǫs de existencia. Las ponencias, preparadas por profesores universitarios con amplia experiencia en la materia, abarcan la jurisprudencia del Tribunal de Justicia de la UE, los requisitos sustantivos de la evaluacin̤ y su significado, la participacin̤ pb︢lica en los procedimientos de evaluacin̤, la vertiente transfronteriza, la transposicin̤ de la Directiva (y de sus sucesivas modificaciones) en el Estado espaǫl y en la Comunidad Autn̤oma del Pas̕ Vasco, las relaciones entre la evaluacin̤ de proyectos y la denominada ±estratǧica» o de planes y programas y la reforma de la directiva que se llev ̤a cabo en 2014, reforzando algunas de las obligaciones originales adoptadas en 1985. Con ello, el lector cuenta con una referencia actualizada sobre el papel que desempeą esta Directiva en el entramado normativo ambiental y las perspectivas que va a plantear en el futuro. 
506 1 |a Disponible solo en los productos indicados  |d vLex Global  |d vLex Global (Academic Edition, excluding Law Schools)  |d vLex Global (U.S. Academic Edition, Law Schools)  |d vLex Global (U.S. Academic Edition, excluding Law Schools)  |d vLex Global (Academic Edition, Law Schools) 
650 0 4 |a Derecho Pb︢lico y Administrativo  |z Espaą 
650 0 4 |a Derecho Comunitario  |z Espaą 
650 0 4 |a Derecho del Medio Ambiente  |z Espaą 
740 0 |a vLex Libros (Servicio en ln̕ea) 
856 4 0 |u http://vlex.com/source/directiva-de-la-union-europea-de-evaluacion-de-impacto-ambiental-de-proyectos-balance-de-treinta-a-os-21034  |z Acceso restringido 
942 |c BOOK 
999 0 |a Public and Administrative Law 
999 0 |a Community Law 
999 0 |a Environmental Law